| 000 | 01027cad a22002535a 4500 | ||
|---|---|---|---|
| 001 | L153631 | ||
| 008 | 110811s2011 xxk f 000 0 eng d | ||
| 035 | _a(Sirsi) u153631 | ||
| 041 | 0 | _aeng | |
| 100 | 1 | _aStacey, Peter | |
| 245 | 0 | 0 |
_aLevels of respirable dust and respirable crystalline silica at construction sites _h[electronic resource] |
| 260 |
_aBuxton _bHSE _c2011 |
||
| 490 | 0 |
_aHSE Research Report _vRR878 |
|
| 520 | _aThe purpose of this pilot study was to assess the potential for inadvertent exposure of the public to respirable crystalline silica (RCS) from construction activities in the urban environment. | ||
| 590 | _aKA NTK | ||
| 651 | 4 |
_aUnited Kingdom _y |
|
| 690 | _aMANAGEMENT-HEALTH AND SAFETY | ||
| 690 | _aBUILT ENVIRONMENT-CONSTRUCTION MARKET | ||
| 700 | 1 | _aThorpe, Andrew | |
| 700 | 1 | _aRoberts, Paul | |
| 710 | 1 |
_aGreat Britain _bHealth and Safety Executive |
|
| 856 | 4 | 0 |
_uhttps://www.hse.gov.uk/research/rrpdf/rr878.pdf _zView this item free of charge at www.hse.gov.uk |
| 942 | _n0 | ||
| 999 |
_c112619 _d112619 |
||